| 000 | 00807nam a22001577a 4500 | ||
|---|---|---|---|
| 003 | OSt | ||
| 005 | 20160321091337.0 | ||
| 008 | 160321b xxu||||| |||| 00| 0 eng d | ||
| 040 | _cRUA | ||
| 082 | _aAGR TRY 2011 B471 Or.1 | ||
| 100 |
_98070 _aTRY SUNLENG ; ទ្រី ស៊ុនឡេង |
||
| 245 | _aEffect of nitrogen (N) and mulching on mungbean (vigna radiata) grown after wet seeason rice on prateah lang soil, ប្រសិទ្ធភាពនៃជីអាសូត (N) និងគម្របចំបើងលើដំណាំសណ្ដែកបាយ (vigna radiata) ដំាបន្ទាប់ពីស្រូវវស្សា នៅលើក្រុមដីប្រទះឡាង | ||
| 260 |
_aPhnom Penh _bRUA _c2011 |
||
| 300 |
_ax ; 37p. _bill. _c29cm. |
||
| 942 |
_2ddc _cAGR |
||
| 999 |
_c7670 _d7670 |
||